| 000 | 01109cam a22003018a 4500 | ||
|---|---|---|---|
| 001 | 17779472 | ||
| 003 | OSt | ||
| 005 | 20150408114217.0 | ||
| 008 | 130617s2013 enka g b 001 0 eng | ||
| 020 | _a9781441147707 (hardback) | ||
| 020 | _a9781441168511 (paperback) | ||
| 020 | _z9781472524737 (ebook (pdf)) | ||
| 040 | _aMa-Un | ||
| 082 | 0 | 0 |
_222 _a418.020721 _bHSR |
| 100 | 1 |
_aHale, Sandra _945036 |
|
| 245 | 1 | 0 |
_aResearch methods in interpreting : _ba practical resource / _cSandra Hale, Jemina Napier. |
| 260 |
_aLondon : _bBloomsbury, _c2013 |
||
| 300 |
_axii, 267 p. : _bill. ; _c24 cm. |
||
| 490 | 0 | _aResearch Methods in Linguistics | |
| 504 | _aIncludes bibliographical references and index. | ||
| 650 |
_aTranslating and interpreting _xStudy and teaching _945037 |
||
| 650 |
_aTranslating and interpreting _xResearch _xMethodology _945038 |
||
| 650 |
_aTranslating services _945039 |
||
| 650 |
_aLinguistic models _945040 |
||
| 700 | 1 |
_aNapier, Jemina _945041 |
|
| 942 |
_2ddc _cBOOK |
||
| 999 |
_c35041 _d269541 |
||